MARC details
| 000 -BAŞLIK |
| Sabit Uzunluktaki Kontrol Alanı |
01748nam a22004577a 4500 |
| 001 - KONTROL NUMARASI |
| Control Dosyası |
0029757 |
| 003 - KONTROL NUMARASI KİMLİĞİ |
| Kontrol Alanı |
KOHA_MİRAKIL |
| 005 - EN SON İŞLEM TARİHİ ve ZAMANI |
| Kontrol Alanı |
20260207002707.0 |
| 007 - FİZİKSEL TANIM SABİT ALAN - GENEL BİLGİ |
| Sabit uzunluklu kontrol alanı |
ta |
| 008 - SABİT UZUNLUKTAKİ VERİ ÖGELERİ - GENEL BİLGİ |
| Sabit Alan |
110427b2005 tu |||gr||||#0|||0|tur | |
| 020 ## - ISBN - ULUSLARARASI STANDART KİTAP NUMARASI |
| Isbn |
9752201385 |
| Kullanılabilirlik koşulları |
18 |
| 040 ## - KATALOGLAMA KAYNAĞI |
| Özgün Kataloglama Kurumu |
TR-BiSEU |
| Kataloglama Dili |
tur |
| Çeviri Kurumu |
TR-BiSEU |
| Açıklama Kuralları |
rda |
| 041 0# - DİL KODU |
| Metin ya da ses kaydının dil kodu |
tur |
| 044 ## - YAYINLAYAN/ÜRETEN KURULUŞUN ÜLKE KODU |
| ISO country code |
tu |
| 050 ## - SINIFLAMA ve YER NUMARASI |
| Sınıflama Numarası |
DR603 |
| Yer Numarası |
.S66 2005 |
| 100 1# - KİŞİ ADI |
| Yazar Adı (Kişi adı) |
Somuncuoğlu, Sadi. |
| 245 1# - ESER ADI BİLDİRİMİ |
| Başlık |
Göz göre göre... : |
| Alt Eseradı vb. |
kapana düştü Türkiyem/ |
| Sorumluluk Bildirimi |
Sadi Somuncuoğlu ; Sadi Somuncuoğlu. |
| 264 #1 - ÜRERİM, YAYIN, DAĞITIM ve TELİF BİLDİRİMİ |
| Yayın yeri |
Ankara : |
| Yayınlayan |
Bilgi Yayınevi |
| Yayın tarihi |
2005 |
| 300 ## - FİZİKSEL TANIMLAMA |
| Sayfa, Cilt vb. |
476 s. ; |
| Boyutları |
22 cm. |
| 336 ## - İÇERİK TÜRÜ |
| Content type term |
metin |
| Content type code |
txt |
| Source |
rdacontent |
| 337 ## - MEDYA TÜRÜ |
| Media type term |
aracısız |
| Media type code |
n |
| Source |
rdamedia |
| 338 ## - TAŞIYICI TÜRÜ |
| Carrier type term |
cilt |
| Carrier type code |
nc |
| Source |
rdacarrier |
| 490 1# - DİZİ BİLDİRİMİ |
| Dizi Bildirimi |
Bilgi Yayınevi. |
| 490 1# - DİZİ BİLDİRİMİ |
| Dizi Bildirimi |
Bir Millet Uyanıyor dizisi ; |
| Cilt Numarası |
4. |
| 650 #0 - KONU BAŞLIĞI EK GİRİŞ - KONU TERİMİ |
| Konusal terim veya coğrafi ad |
Turkey--Politics and government 21st century. |
| 9 (RLIN) |
22482 |
| 650 #0 - KONU BAŞLIĞI EK GİRİŞ - KONU TERİMİ |
| Konusal terim veya coğrafi ad |
Türkiye--Siyaset ve yönetim 21. y.y. |
| 9 (RLIN) |
58708 |
| 650 #0 - KONU BAŞLIĞI EK GİRİŞ - KONU TERİMİ |
| Konusal terim veya coğrafi ad |
Öcalan, Abdullah--Trials, litigation, etc. |
| 9 (RLIN) |
58709 |
| 650 #0 - KONU BAŞLIĞI EK GİRİŞ - KONU TERİMİ |
| Konusal terim veya coğrafi ad |
Öcalan, Abdullah--Yargılama, dava etme, vb. |
| 9 (RLIN) |
58710 |
| 650 #0 - KONU BAŞLIĞI EK GİRİŞ - KONU TERİMİ |
| Konusal terim veya coğrafi ad |
Trials (Political crimes and offenses--Turkey. |
| 9 (RLIN) |
58711 |
| 650 #0 - KONU BAŞLIĞI EK GİRİŞ - KONU TERİMİ |
| Konusal terim veya coğrafi ad |
Yargılama (Siyasal suçlar ve suçlular). |
| 9 (RLIN) |
58712 |
| 650 #0 - KONU BAŞLIĞI EK GİRİŞ - KONU TERİMİ |
| Konusal terim veya coğrafi ad |
Europe Union countries--Foreign relations--Turkey. |
| 9 (RLIN) |
58713 |
| 650 #0 - KONU BAŞLIĞI EK GİRİŞ - KONU TERİMİ |
| Konusal terim veya coğrafi ad |
Avrupa Birliği ülkeleri--Dış ilişkiler--Türkiye. |
| 9 (RLIN) |
58714 |
| 650 #0 - KONU BAŞLIĞI EK GİRİŞ - KONU TERİMİ |
| Konusal terim veya coğrafi ad |
Turkey--Foreign relations--Europe Union countries. |
| 9 (RLIN) |
58715 |
| 650 #0 - KONU BAŞLIĞI EK GİRİŞ - KONU TERİMİ |
| Konusal terim veya coğrafi ad |
Türkiye--Dış ilişkiler--Avrupa Birliği ülkeleri. |
| 9 (RLIN) |
48668 |
| 650 #0 - KONU BAŞLIĞI EK GİRİŞ - KONU TERİMİ |
| Konusal terim veya coğrafi ad |
Cyprus--History Cyprus Crisis, 1974-. |
| 9 (RLIN) |
30115 |
| 650 #0 - KONU BAŞLIĞI EK GİRİŞ - KONU TERİMİ |
| Konusal terim veya coğrafi ad |
Kıbrıs--Tarih Kıbrıs krizi, 1974-. |
| 9 (RLIN) |
58716 |
| 830 1# - SERİ EK GİRİŞİ - TEKBİÇİM ESER ADI |
| Tekbiçim Başlık |
Bilgi Yayınevi. |
| 9 (RLIN) |
53634 |
| 830 1# - SERİ EK GİRİŞİ - TEKBİÇİM ESER ADI |
| Tekbiçim Başlık |
Bir Millet Uyanıyor dizisi ; |
| Volume number/sequential designation |
4. |
| 9 (RLIN) |
58717 |
| 907 ## - LOCAL DATA ELEMENT G, LDG (RLIN) |
| a |
Tarih |
| 942 ## - EK GİRİŞ ÖGELERİ (KOHA) |
| Source of classification or shelving scheme |
Library of Congress Classification |
| Koha item type |
Book |